Voos com origem em Porto Alegre (POA) - Statistics

Estatísticas Gerais
  • Esse quiz foi jogado 41 vezes
  • A pontuação média é 13 de 18
Estatísticas das Respostas
Cia aérea Destino % Correto
Aerolíneas Argentinas, Gol Buenos Aires-Aeroparque
100%
Azul, Gol, LATAM Rio de Janeiro-Galeão
100%
Azul, Gol, LATAM São Paulo-Congonhas
97%
Azul, Gol, LATAM São Paulo-Guarulhos
97%
Azul Belo Horizonte-Confins
94%
Azul, LATAM Curitiba
94%
Gol, LATAM Brasília
86%
TAP Lisboa
83%
Azul Campinas
80%
LATAM Santiago
77%
Azul Recife
69%
Azul Santa Maria
69%
Azul Uruguaiana
69%
Copa Airlines Cidade do Panamá-Tocumen
63%
LATAM Lima
57%
Azul Pelotas
49%
Azul Santo Ângelo
49%
Azul San Carlos de Bariloche
3%
Nenhum quiz correspondente encontrado
Distribuição das Pontuações
Porcentagem de Pessoas com Cada Pontuação
Percentil de Números Respondidos
Sua Pontuação Histórica
Você não jogou esse quiz